<?xml version="1.0" encoding="UTF-8"?>
<record
    xmlns:xsi="http://www.w3.org/2001/XMLSchema-instance"
    xsi:schemaLocation="http://www.loc.gov/MARC21/slim http://www.loc.gov/standards/marcxml/schema/MARC21slim.xsd"
    xmlns="http://www.loc.gov/MARC21/slim">

  <leader>02493nam a2200373uu 4500</leader>
  <controlfield tag="001">1304996</controlfield>
  <controlfield tag="005">20260508075341.0</controlfield>
  <controlfield tag="008">121108s2004                        spa  </controlfield>
  <datafield tag="020" ind1=" " ind2=" ">
    <subfield code="a">9788478273447</subfield>
  </datafield>
  <datafield tag="035" ind1=" " ind2=" ">
    <subfield code="a">1304996</subfield>
  </datafield>
  <datafield tag="040" ind1=" " ind2=" ">
    <subfield code="c">comduadb</subfield>
  </datafield>
  <datafield tag="041" ind1=" " ind2=" ">
    <subfield code="a">spa</subfield>
  </datafield>
  <datafield tag="050" ind1=" " ind2="4">
    <subfield code="a">GV</subfield>
  </datafield>
  <datafield tag="100" ind1="1" ind2="0">
    <subfield code="a">Hern&#xE1;ndez &#xC1;lvarez, Juan Luis</subfield>
    <subfield code="4">aut</subfield>
    <subfield code="e">aut</subfield>
    <subfield code="9">652848</subfield>
  </datafield>
  <datafield tag="245" ind1="1" ind2="3">
    <subfield code="a">La evaluaci&#xF3;n en educacion f&#xED;sica : investigaci&#xF3;n y pr&#xE1;ctica en el &#xE1;mbito escolar</subfield>
  </datafield>
  <datafield tag="260" ind1=" " ind2=" ">
    <subfield code="a">Barcelona :</subfield>
    <subfield code="b">GRA&#xD3;,</subfield>
    <subfield code="c">2004.</subfield>
  </datafield>
  <datafield tag="300" ind1=" " ind2=" ">
    <subfield code="a">333 p&#xE1;ginas :</subfield>
    <subfield code="b">ilustraciones</subfield>
  </datafield>
  <datafield tag="505" ind1=" " ind2=" ">
    <subfield code="a">CONTENIDO : Evaluaci&#xF3;n en educaci&#xF3;n y evaluaci&#xF3;n del aprendizaje en educaci&#xF3;n f&#xED;sica. -- Evaluaci&#xF3;n de la ense&#xF1;anza : an&#xE1;lisis y propuestas. -- Evaluaci&#xF3;n de las capacidades f&#xED;sicas b&#xE1;sicas. -- Evaluaci&#xF3;n de las capacidades coordinativas. -- Evaluaci&#xF3;n de las habilidades motrices. -- Las actitudes y su evaluaci&#xF3;n en educaci&#xF3;n f&#xED;sica. -- Evaluaci&#xF3;n y morfolog&#xED;a. -- La actitud postural y su evaluaci&#xF3;n. -- Salud, estilos de vida, actividad f&#xED;sica y evaluaci&#xF3;n. -- La autoevaluaci&#xF3;n y coevaluaci&#xF3;n en el aprendizaje aut&#xF3;nomo y cooperativo (u otra forma de plantear la ense&#xF1;anza y el aprendizaje de contenidos de condici&#xF3;n f&#xED;sica). -- Referencias bibliogr&#xE1;ficas. -- Bibliograf&#xED;a.</subfield>
  </datafield>
  <datafield tag="520" ind1="3" ind2=" ">
    <subfield code="a">El libro presenta una perspectiva amplia y global de la evaluaci&#xF3;n en educaci&#xF3;n f&#xED;sica en la que no faltan las referencias al curr&#xED;culo de primaria y de secundaria. Por un lado, cada cap&#xED;tulo expone un marco de referencia conceptual que nos acerca al conocimiento existente. Por otro, las propuestas pr&#xE1;cticas ayudan a su aplicaci&#xF3;n y tambi&#xE9;n permiten al profesorado dise&#xF1;ar sus propios instrumentos de evaluaci&#xF3;n.</subfield>
  </datafield>
  <datafield tag="650" ind1=" " ind2=" ">
    <subfield code="a">Educaci&#xF3;n f&#xED;sica escolar</subfield>
    <subfield code="9">42891</subfield>
  </datafield>
  <datafield tag="650" ind1=" " ind2=" ">
    <subfield code="a">Educaci&#xF3;n f&#xED;sica - Investigaci&#xF3;n</subfield>
    <subfield code="9">139775</subfield>
  </datafield>
  <datafield tag="650" ind1=" " ind2=" ">
    <subfield code="a">Educaci&#xF3;n f&#xED;sica - Evaluaci&#xF3;n</subfield>
    <subfield code="9">43762</subfield>
  </datafield>
  <datafield tag="650" ind1=" " ind2="7">
    <subfield code="a">Educaci&#xF3;n f&#xED;sica</subfield>
    <subfield code="x">Ense&#xF1;anza</subfield>
    <subfield code="2">lemb</subfield>
    <subfield code="9">36679</subfield>
  </datafield>
  <datafield tag="650" ind1=" " ind2="7">
    <subfield code="a">Educaci&#xF3;n f&#xED;sica</subfield>
    <subfield code="x">Ense&#xF1;anza</subfield>
    <subfield code="2">lemb</subfield>
    <subfield code="9">36679</subfield>
  </datafield>
  <datafield tag="700" ind1="1" ind2="0">
    <subfield code="a">Velasquez Buendia, Roberto</subfield>
    <subfield code="4">aut</subfield>
    <subfield code="e">aut</subfield>
    <subfield code="9">433007</subfield>
  </datafield>
  <datafield tag="700" ind1="1" ind2="0">
    <subfield code="a">Alonso Curiel, Dionisio</subfield>
    <subfield code="4">aut</subfield>
    <subfield code="e">aut</subfield>
    <subfield code="9">535992</subfield>
  </datafield>
  <datafield tag="700" ind1="1" ind2="0">
    <subfield code="a">Castej&#xF3;n Oliva, Francisco Javier</subfield>
    <subfield code="4">aut</subfield>
    <subfield code="e">aut</subfield>
    <subfield code="9">543895</subfield>
  </datafield>
  <datafield tag="700" ind1="1" ind2="0">
    <subfield code="a">Garoz Puerta, Ignacio</subfield>
    <subfield code="4">aut</subfield>
    <subfield code="e">aut</subfield>
    <subfield code="9">677529</subfield>
  </datafield>
  <datafield tag="700" ind1="1" ind2="0">
    <subfield code="a">L&#xF3;pez Crespo, Clara</subfield>
    <subfield code="4">aut</subfield>
    <subfield code="e">aut</subfield>
    <subfield code="9">677531</subfield>
  </datafield>
  <datafield tag="700" ind1="1" ind2="0">
    <subfield code="a">L&#xF3;pez Rodr&#xED;guez, &#xC1;ngeles</subfield>
    <subfield code="4">aut</subfield>
    <subfield code="e">aut</subfield>
    <subfield code="9">665727</subfield>
  </datafield>
  <datafield tag="700" ind1="1" ind2="0">
    <subfield code="a">Maldonado Rico, Antonio</subfield>
    <subfield code="4">aut</subfield>
    <subfield code="e">aut</subfield>
    <subfield code="9">523589</subfield>
  </datafield>
  <datafield tag="700" ind1="1" ind2="0">
    <subfield code="a">Mart&#xED;nez Gorro&#xF1;o, Mar&#xED;a Eugenia</subfield>
    <subfield code="4">aut</subfield>
    <subfield code="e">aut</subfield>
    <subfield code="9">677532</subfield>
  </datafield>
  <datafield tag="942" ind1=" " ind2=" ">
    <subfield code="c">BOOK</subfield>
  </datafield>
  <datafield tag="999" ind1=" " ind2=" ">
    <subfield code="c">633981</subfield>
    <subfield code="d">633981</subfield>
  </datafield>
  <datafield tag="952" ind1=" " ind2=" ">
    <subfield code="0">0</subfield>
    <subfield code="1">0</subfield>
    <subfield code="4">0</subfield>
    <subfield code="7">0</subfield>
    <subfield code="8">GENERAL</subfield>
    <subfield code="a">EDUFI</subfield>
    <subfield code="b">EDUFI</subfield>
    <subfield code="d">2012-11-08</subfield>
    <subfield code="e">Material adquirido por donaci&#xF3;n</subfield>
    <subfield code="i">C1161692</subfield>
    <subfield code="l">0</subfield>
    <subfield code="o">GV443 H4e</subfield>
    <subfield code="p">83374</subfield>
    <subfield code="r">2023-05-02 00:00:00</subfield>
    <subfield code="t">1</subfield>
    <subfield code="w">2023-05-02</subfield>
    <subfield code="y">BOOK</subfield>
  </datafield>
</record>
